Datum a čas kvízu
30.5
Celkem bodů
Celkový počet nahraných bodů na tomto kvízu bez doplňovacích otázek.
5.
Pořadí na kvízu
Konečné umístění týmu na tomto kvízu.
Zaznamenané odpovědi
| # | Otázka | Odpověď | Body | Výsledky |
|---|---|---|---|---|
| 1. | V posledních týdnech se do Čes... | spalničky | 1 | |
| 2. | Po skandálu s udělením milosti... | Maďarsko | 1 | |
| 3. | Angličan Paul Gibbons tvrdí, ž... | tank | 0 | |
| 4. | Firma Google minulý týden přej... | Gemini | 1 | |
| 5. | V pondělí došlo ve španělské f... | strčil hráči prst do zadku | 1 | |
| 6. | Vítězné téma facebookového hla... | 1A 2C 3B 4D | 0 | |
| 7. | Dne 4. ledna 1997 došlo ke sňa... | Havel, Veškrnová | 1 | |
| 8. | Devadesátkovou klasikou je fil... | Fuck Off Guys Good Day | 1 | |
| 9. | Kolik tlačítek má na své předn... | tři | 0 | |
| 10. | Ke které obci se v souvislosti... | Drnovice | 1 |